Normal view
MARC view
- SUPERVISOR DR KANWAR FARAZ AHMED
Entry Personal Name
001 - CONTROL NUMBER
- control field: 71970
003 - CONTROL NUMBER IDENTIFIER
- control field: NUST
005 - DATE AND TIME OF LATEST TRANSACTION
- control field: 20210628204724.0
008 - FIXED-LENGTH DATA ELEMENTS
- fixed length control field: 210628|| aca||aabn | a|a d
040 ## - CATALOGING SOURCE
- Original cataloging agency: NUST
- Transcribing agency: NUST
100 ## - HEADING--PERSONAL NAME
- Personal name: SUPERVISOR DR KANWAR FARAZ AHMED
670 ## - SOURCE DATA FOUND
- Source citation: Work cat.: (NUST): MOHSIN, TAIMUR, MUNEEB, 71969, PR-SOF-1251-ROBOCUP SMALL SIZE LEAGUE (MULTI-AGENT INTELLIGENT ELECTRO-MECHANICAL SYSTEM), 2013
